| 000 -LEADER |
| fixed length control field |
02908cam a2200265 i 4500 |
| 003 - CONTROL NUMBER IDENTIFIER |
| control field |
OSt |
| 005 - DATE AND TIME OF LATEST TRANSACTION |
| control field |
20260228121404.0 |
| 006 - FIXED-LENGTH DATA ELEMENTS--ADDITIONAL MATERIAL CHARACTERISTICS--GENERAL INFORMATION |
| fixed length control field |
m |o d | |
| 008 - FIXED-LENGTH DATA ELEMENTS--GENERAL INFORMATION |
| fixed length control field |
210722s2021 enk ob 001 0 eng |
| 020 ## - INTERNATIONAL STANDARD BOOK NUMBER |
| Cancelled/invalid ISBN |
9781350283510 |
| Qualifying information |
(paperback) |
| 042 ## - AUTHENTICATION CODE |
| Authentication code |
pcc |
| 082 00 - DEWEY DECIMAL CLASSIFICATION NUMBER |
| Classification number |
307.760285 |
| Edition number |
23 |
| 100 1# - MAIN ENTRY--PERSONAL NAME |
| Personal name |
Degen, Monica Montserrat, |
| Relator term |
author. |
| 245 14 - TITLE STATEMENT |
| Title |
The new urban aesthetic : |
| Remainder of title |
digital experiences of urban change / |
| Statement of responsibility, etc |
Mónica Montserrat Degen and Gillian Rose. |
| 300 ## - PHYSICAL DESCRIPTION |
| Extent |
1 online resource. |
| 504 ## - BIBLIOGRAPHY, ETC. NOTE |
| Bibliography, etc |
Includes bibliographical references and index. |
| 505 0# - FORMATTED CONTENTS NOTE |
| Formatted contents note |
Introducing the new urban aesthetic -- The new urban aesthetic : a conceptual framework -- The conceived aesthetics of urban redevelopment : the case of Msheireb Downtown, Qatar -- The perceived aesthetics of digital urbanism : feeling digital embodiment in smart Milton Keynes -- The lived aesthetic of urban social media : anticipating the Culture Mile's Future -- The new urban aesthic and its power -- Conclusion : the differentiation and potentialities of the new urban aesthetic. |
| 520 ## - SUMMARY, ETC. |
| Summary, etc |
"Cities are key sites for the reproduction of global capitalism, and urban branding is central to this transformative dynamic. In the 21st century, cities are also being profoundly reconfigured by the deployment of many kinds of digital technologies. Both of these shifts entrain sensory bodily experiences. This digitally mediated reconfiguration of what cities feel like is what this book terms the new urban aesthetic. The book focuses on three examples of urban change in which digital technologies of different kinds were central: a large scale urban redevelopment in Doha, the retrofitting of Milton Keynes to become a smart city, and the cultural regeneration of Smithfield Market into the Culture Mile in London. Each case study focusses on a different kind of digital mediation, including the computer-generated images created to sell new urban developments, smart city phone apps, and Instagram posts about particular urban places. The book identifies three versions of the new urban aesthetic: glamorous, flowing, and dramatic. It shows how each of these organize sensory experiences through particular distributions of temporality and spatiality. As well as exploring the importance of sensory constellations in our digitally mediated cities, the book also offers ways to investigate their fragility and potential for subversion. The New Urban Aesthetic is essential reading for researchers and students in urban studies, architecture, digital studies, sociology, and human geography"-- |
| 650 #0 - SUBJECT ADDED ENTRY--TOPICAL TERM |
| Topical term or geographic name as entry element |
Smart cities. |
| 650 #0 - SUBJECT ADDED ENTRY--TOPICAL TERM |
| Topical term or geographic name as entry element |
Technology |
| General subdivision |
Social aspects. |
| 650 #0 - SUBJECT ADDED ENTRY--TOPICAL TERM |
| Topical term or geographic name as entry element |
City and town life. |
| 700 1# - ADDED ENTRY--PERSONAL NAME |
| Personal name |
Rose, Gillian, |
| Dates associated with a name |
1962- |
| Relator term |
author. |
| 776 08 - ADDITIONAL PHYSICAL FORM ENTRY |
| Display text |
Print version: |
| Main entry heading |
Degen, Monica Montserrat. |
| Title |
New urban aesthetic |
| Place, publisher, and date of publication |
London ; New York : Bloomsbury Visual Arts, 2021 |
| International Standard Book Number |
9781350070837 |
| Record control number |
(DLC) 2021036129 |
| 942 ## - ADDED ENTRY ELEMENTS (KOHA) |
| Source of classification or shelving scheme |
|